Normal view
MARC view
Entry Término temático
001 - NÚMERO DE CONTROL
- campo de control: 33132
003 - IDENTIFICADOR DEL NÚMERO DE CONTROL
- campo de control: OSt
005 - FECHA Y HORA DE LA ÚLTIMA TRANSACCIÓN
- campo de control: 20200615033357.0
008 - DATOS DE LONGITUD FIJA
- campo de control de longitud fija: 200615|| aca||aabn | a|a d
040 ## - FUENTE DE LA CATALOGACIÓN
- Centro catalogador/agencia de origen: OSt
- Centro/agencia transcriptor: OSt
150 ## - ENCABEZAMIENTO--TÉRMINO DE MATERIA
- Término de materia o nombre geográfico como elemento de entrada: CIUDADES Y PUEBLOS
- Subdivisión geográfica: ESPAÑA
- Subdivisión geográfica: ARAGÓN
- Subdivisión general: HISTORIA
670 ## - FUENTE DE DATOS ENCONTRADOS
- Cita de la fuente: Work cat.: (OSt)14209: Asensio Esteban, José Ángel. 33131, La ciudad en el mundo prerromano en Aragón /, 1995.
